Detalles MARC
| 000 -LIDER |
| fixed length control field |
00870nam a22003137b 4500 |
| 001 - NÚMERO DE CONTROL |
| Identificador de número de control |
01769534 |
| 003 - IDENTIFICACDOR DE NÚMERO DE CONTROL |
| control field |
DO-SdBNP |
| 005 - DATE AND TIME OF LATEST TRANSACTION |
| control field |
20180205152749.0 |
| 007 - CAMPOS FIJOS DE DESCRIPCIÓN FÍSICA |
| fixed length control field |
01769534 |
| 008 - ELEMENTOS DE LONGITUD FIJA |
| fixed length control field |
020412s2001 sp | ||| ||spa |
| 016 7# - NO. DE CONTROL DE LA AGENCIA BIB. NACIONAL |
| Record control number |
|
| Source |
BPMSU |
| 017 ## - NÚMERO DE REGISTRO DE DERECHOS DE AUTOR |
| Copyright or legal deposit number |
|
| Assigning agency |
|
| 020 ## - ISBN |
| International Standard Book Number |
8447321576 |
| 035 ## - NÚMERO LOCAL |
| System control number |
(OCoLC) |
| 040 ## - FUENTE DE CATALOGACIÓN |
| Agencia que crea de manera original el registro |
BPMSU |
| Idioma de catalogación |
spa |
| Agencia que realiza la transcripción |
BPMSU |
| Convenciones de la despripción |
|
| 041 1# - CÓDIGOS DE OBRAS TRADUCIDAS O EN VARIOS IDIOMAS |
| Código del idioma del texto/archivo de sonido o separata |
spa |
| Cód. del idioma original y/o traducciones intermedias del texto |
|
| 080 #0 - NÚMERO DE CLASIFICACIÓN DECIMAL UNIVERSAL |
| Universal Decimal Classification number |
|
| 100 1# - ASIENTO PRINCIPAL -- NOMBRE PERSONAL |
| Nombre personal |
Crompton, Richmal |
| 240 10 - TITULO UNIFORME |
| Título uniforme |
Just William |
| Idioma de una obra |
Español |
| 245 10 - MENCIÓN DE TITULO |
| Título |
Travesuras de Guillermo / |
| Mención de responsabilidad |
Richmal Crompton ; traducción de Guillermo López Hipkiss |
| Medio (Designación general de material) |
|
| 260 ## - PUBLICACIÓN, DISTRIBUCIÓN, ETC. (PIE DE IMPRENTA) |
| Lugar de publicación, distribución, etc |
Barcelona : |
| Nombre del editor, distribuidor, etc. |
RBA |
| Fecha de publicación, distribución, etc |
2001 |
| 300 ## - DESCRIPCIÓN FÍSICA |
| Extensión |
207 p. |
| Otros detalles físicos |
il. |
| Dimensiones |
19 cm |
| 490 0# - MENCIÓN DE SERIES |
| Mención de serie |
Las aventuras de Guillermo |
| 700 ## - ASIENTO SECUNDARIO -- NOMBRE PERSONAL |
| Nombre personal |
López Hipkiss, Guillermo |
| Mención de responsabilidad |
tr. |
| 700 ## - ASIENTO SECUNDARIO -- NOMBRE PERSONAL |
| Nombre personal |
Henry, Thomas |
| Mención de responsabilidad |
il. |
| 942 ## - ADDED ENTRY ELEMENTS (KOHA) |
| Source of classification or shelving scheme |
Dewey Decimal Classification |
| Koha item type |
Libros |
| 945 ## - INFORMACIÓN DE PROCESAMIENTO LOCAL |
| Información de procesamiento local |
Inventariado, 2018/ YL |
| 956 ## - LOCAL ELECTRONIC LOCATION AND ACCESS (OCLC) |
| Nombre de host |
VMATEO |
| Método de acceso |
10 |
| Materiales especificados |
20160328 |
| Enlace |
BPMSU |
| Campo enlazado y núm. de secuencia |
0069 |